Tour de France - Le meilleur Français chaque année depuis 1986 - Statistiques

Statistiques générales
  • Ce quiz a été pris 63 fois
  • Le résultat moyen est 21 sur 40
Statistiques - réponses
Année Coureur Âge Équipe Classement % Correct
2018 Romain Bardet 27 AG2R La Mondiale 6e à 6m 57s
92%
2017 Romain Bardet 26 AG2R La Mondiale 3e à 2m 20s
92%
2016 Romain Bardet 25 AG2R La Mondiale 2e à 4m 5s
92%
2015 Romain Bardet 24 AG2R La Mondiale 9e à 16m
92%
2013 Romain Bardet 22 AG2R La Mondiale 15e à 26m 42s
92%
2019 Julian Alaphilippe 27 Deceuninck-Quick Step 5e à 4m 5s
89%
2011 Thomas Voeckler 32 Europcar 4e à 3m 20s
87%
2023 David Gaudu 26 Groupama-FDJ 9e à 23m 8s
84%
2022 David Gaudu 25 Groupama-FDJ 4e à 13m 39s
84%
2024 Guillaume Martin 31 Cofidis 13e à 43m 49s
80%
2021 Guillaume Martin 28 Cofidis 8e à 15m 33s
80%
2020 Guillaume Martin 27 Cofidis 11e à 16m 58s
80%
1999 Richard Virenque 29 Polti 8e à 17m 28s
79%
1997 Richard Virenque 27 Festina-Lotus 2e à 9m 9s
79%
1996 Richard Virenque 26 Festina-Lotus 3e à 4m 37s
79%
2025 Kévin Vauquelin 24 Arkéa-B&B Hotels 7e à 22m 35s
77%
2012 Pierre Rolland 25 Europcar 8e à 16m 26s
75%
1986 Bernard Hinault 31 La Vie Claire-Wonder-Radar 2e à 3m 10s
74%
1989 Laurent Fignon 28 Super U-Raleigh-Fiat 2e à 8s
69%
1995 Laurent Jalabert 26 ONCE 4e à 8m 24s
69%
2014 Jean-Christophe Péraud 37 AG2R La Mondiale 2e à 7m 39s
67%
2005 Christophe Moreau 34 Crédit Agricole 11e à 16m 26s
44%
2004 Christophe Moreau 33 Crédit Agricole 12e à 24m 36s
44%
2003 Christophe Moreau 32 Crédit Agricole 8e à 12m 28s
44%
2000 Christophe Moreau 29 Festina 4e à 10m 34s
44%
2008 Sandy Casar 29 La Française des Jeux 13e à 19m 23s
28%
1994 Luc Leblanc 27 Festina-Lotus 4e à 10m 3s
21%
2002 David Moncoutié 27 Cofidis-Le Crédit par Téléphone 13e à 21m 8s
20%
2010 John Gadret 31 AG2R La Mondiale 18e à 23m 25s
20%
2006 Cyril Dessel 31 AG2R Prévoyance 6e à 7m 44s
16%
1987 Jean-François Bernard 25 Toshiba-Look-La Vie Claire 3e à 2m 13s
16%
1991 Charly Mottet 28 RMO 4e à 7m 37s
15%
2001 François Simon 32 Bonjour 6e à 17m 22s
15%
2009 Christophe Le Mével 28 La Française des Jeux 9e à 14m 25s
13%
1998 Christophe Rinero 24 Cofidis-Le Crédit par Téléphone 4e à 9m 16s
8%
1993 Jean-Philippe Dojwa 25 Festina-Lotus 15e à 30m 24s
7%
2007 Stéphane Goubert 37 AG2R Prévoyance 27e à 1h 6m 30s
7%
1992 Pascal Lino 25 RMO-Onet 5e à 14m 37s
5%
1988 Éric Boyer 24 Système U 5e à 14m 4s
3%
1990 Fabrice Philipot 24 Castorama 14e à 15m 49s
2%
Aucun quiz correspondant
Distribution des résultats
% des personnes avec chaque résultat
Percentile par nombre de réponses
Votre historique - résultats
Vous n’avez pas pris ce quiz